Учреждение должностей на частные средства по губерниям. Оренбургская губерния

Доступно только в Электронных читальных залах Найти на картеНа карте
RUSMARC
00003524nac2a22002651x 450
0015ff6a253-6df5-4cb6-8602-233ef7867867
00520150429121055.0
100##$a20150212l1916 k y0rusy50 ca
1010#$arus
102##$aRU
105##$ay z |||||
1220#$ad19161231
2001#$aУчреждение должностей на частные средства по губерниям. Оренбургская губерния
$j1916
215##$a56 листов
251##$cДело
300##$aЗаголовок дела на папке: Об учреждении на частные средства полицейских должностей по Оренбургской губернии
300##$aМашинописные документы
324##$aВ деле имеются копии
461#0$10019437218a-5c35-4c92-b6d5-a02c81f9be70
$12001
$aДепартамент полиции Министерства внутренних дел
$1251
$cФонд
$1852
$j102
462#0$1001RuPRLIB510117765
$12001
$a2-е делопроизводство. 1916 г.
$1251
$cОпись
$1852
$j74
517##$aОб учреждении на частные средства полицейских должностей по Оренбургской губернии
60101$3RU\NLR\AUTH\889931910
$aРоссия
$bДепартамент полиции
801#0$aRU
$bGA_RF
801#1$aRU
$bНПО Опыт
$c20150212
$2rusmarc
801#2$aRU
$bПБ им. Б.Н. Ельцина
$c20150429
$gRCR
$2rusmarc
852##$aГА РФ
$j11 ч. 32
937##$d50640353
$hПБ
035##$aRuPRLIB51024809
Формат отображения